000 00477nam a2200169Ia 4500
999 _c19995
_d19995
003 OSt
005 20200706120136.0
008 190216s9999||||xx |||||||||||||| ||und||
020 _a9780333350768
040 _coclc
082 _a944.04
_bDIC/F
100 _aDickinson, Martin
_93557
245 4 _aThe French Revolution /
_cMartin Dickinson
260 _bMacmillan,
_c1985.
_aLondon:
300 _a48p
942 _cBK
_2ddc
_h944.04
_iDIC/F
_k944.04
_mDIC/F